Ručení třetí osoby. Zajištění závazků jako rozložení rizika - patří sem i bankovní záruky v obchodních vztazích.

Zaisťovacie vzťahy v obchodných stykoch. Ručenie - vzťah medzi veriteľom a treťou osobou (ručiteľom). Vznik ručiteľského záväzku. Zánik ručiteľského záväzku. Ručenie podmienené a nepodmienené. Právna úprava bankovej záruky a právna úprava ručenia pre obchodné vzťahy.

Salvato in:
Dettagli Bibliografici
Autore principale: Bejček, Josef
Natura: Capitolo di libro
Lingua:ceco
Soggetti:
Tags: Aggiungi Tag
Nessun Tag, puoi essere il primo ad aggiungerne!!

MARC

LEADER 00000naa a2200000 4500
001 r012251
005 20220826092604.7
041 0 |a cze 
044 |a CZ 
245 1 0 |a Ručení třetí osoby.  |b Zajištění závazků jako rozložení rizika - patří sem i bankovní záruky v obchodních vztazích.  |c Josef Bejček 
520 |a Zaisťovacie vzťahy v obchodných stykoch. Ručenie - vzťah medzi veriteľom a treťou osobou (ručiteľom). Vznik ručiteľského záväzku. Zánik ručiteľského záväzku. Ručenie podmienené a nepodmienené. Právna úprava bankovej záruky a právna úprava ručenia pre obchodné vzťahy. 
610 2 0 |a zaistenie 
610 2 0 |a záruka 
610 2 0 |a banky 
610 2 0 |a zabezpečenie záväzkov 
610 2 0 |a obchod 
610 2 0 |a veritelia 
610 2 0 |a záväzky 
610 2 0 |a predpisy právne 
610 2 0 |a Čechy 
100 1 |a Bejček, Josef